After representation? (Record no. 212965)
[ view plain ]
| 000 -LEADER | |
|---|---|
| fixed length control field | 01417nam a2200325Ia 4500 |
| 245 00 - TITLE STATEMENT | |
| Title | After representation? |
| 260 ## - PUBLICATION, DISTRIBUTION, ETC. (IMPRINT) | |
| Place of publication | New Brunswick : |
| Name of publisher | Rutgers University Press, |
| Year of publication | 2010. |
| 300 ## - PHYSICAL DESCRIPTION | |
| Number of Pages | xii, 242 p. |
| 500 ## - GENERAL NOTE | |
| General note | "Published in association with the United States Holocaust Memorial Museum." |
| 650 #0 - SUBJECT ADDED ENTRY--TOPICAL TERM | |
| Topical Term | Holocaust, Jewish (1939-1945), in literature. |
| Topical Term | Holocaust, Jewish (1939-1945) |
| 700 1# - ADDED ENTRY--PERSONAL NAME | |
| Personal name | Spargo, R. Clifton. |
| Personal name | Ehrenreich, Robert M. |
| 856 40 - ELECTRONIC LOCATION AND ACCESS | |
| Uniform Resource Identifier | http://site.ebrary.com/lib/rucke/Doc?id=10367296 |
No items available.
